| 000 | 00537 a2200217 4500 | ||
|---|---|---|---|
| 999 |
_c12269 _d12269 |
||
| 003 | OSt | ||
| 005 | 20231120120414.0 | ||
| 008 | 231120b ||||| |||| 00| 0 eng d | ||
| 020 | _a9789024425709 | ||
| 040 | _aBMSCA | ||
| 041 | _aEng | ||
| 082 |
_a711 _bMEY |
||
| 100 | _aH. MEYER, M. HOEKSTRA | ||
| 245 |
_aURBANISM _bFUNDAMENTALS AND PROSPECTS |
||
| 260 |
_bBoom Uitgeverij BV _c2021 |
||
| 300 |
_aIV,511p: _c23cm |
||
| 650 | _2Cities and towns | ||
| 650 | _2City planning | ||
| 650 | _2Landscape architecture | ||
| 942 | _2ddc | ||